00301nam a2200109Ia 4500008004100000082001700041100002200058245002100080260003500101630001800136650003700154211109s9999||||xx |||||||||||||| ||und|| a294.5bBHA-U aBhaskaran Nair, K 0aUpanishad Deepti bM g UnvstyaThiruvananthapuram xGENERAL STACK aReligionvHinduismxSacred Books